les diviseurs de 100 le plus rapidement possible - Statistiques

Statistiques générales
  • Ce quiz a été pris 343 fois
  • Le résultat moyen est 7 sur 9
Statistiques - réponses
diviseurs % Correct
1
99%
2
98%
5
96%
10
93%
4
83%
20
69%
50
67%
25
66%
100
61%
Aucun quiz correspondant
Distribution des résultats
% des personnes avec chaque résultat
Percentile par nombre de réponses
Votre historique - résultats
Vous n’avez pas pris ce quiz